Modern Swahili Grammar (Record no. 9338)
[ view plain ]
| 000 -LEADER | |
|---|---|
| fixed length control field | 00525nam a22001457a 4500 |
| 008 - FIXED-LENGTH DATA ELEMENTS--GENERAL INFORMATION | |
| fixed length control field | 151026b xxu||||| |||| 00| 0 eng d |
| 020 ## - INTERNATIONAL STANDARD BOOK NUMBER | |
| International Standard Book Number | 9789966467614 |
| 050 ## - LIBRARY OF CONGRESS CALL NUMBER | |
| Classification number | AFR PL 8701.1 .M64 2014 |
| 100 ## - MAIN ENTRY--PERSONAL NAME | |
| Personal name | Mohammed, M. A. |
| Dates associated with a name | 2014. |
| 245 ## - TITLE STATEMENT | |
| Title | Modern Swahili Grammar |
| Statement of responsibility, etc. | M. A. Mohammed |
| 260 ## - PUBLICATION, DISTRIBUTION, ETC. (IMPRINT) | |
| Place of publication, distribution, etc. | Nairobi, |
| Name of publisher, distributor, etc. | East African Educational Publishers, |
| Date of publication, distribution, etc. | 2014. |
| 300 ## - PHYSICAL DESCRIPTION | |
| Extent | 271p. :ill. |
| Other physical details | includes index, |
| Dimensions | 17cm |
| 650 ## - SUBJECT ADDED ENTRY--TOPICAL TERM | |
| Topical term or geographic name as entry element | Swahili language grammar |
| 942 ## - ADDED ENTRY ELEMENTS (KOHA) | |
| Source of classification or shelving scheme | |
| Koha item type | Short Loan Books |
| Classification part | AFR PL 8701.1 .M64 2014 |
| Koha issues (borrowed), all copies | 50 |
| Withdrawn status | Lost status | Source of classification or shelving scheme | Damaged status | Not for loan | Home library | Current library | Shelving location | Date acquired | Total Checkouts | Full call number | Barcode | Date last seen | Date last checked out | Price effective from | Koha item type |
|---|---|---|---|---|---|---|---|---|---|---|---|---|---|---|---|
| MACHAKOS UNIVERSITY LIBRARY | MACHAKOS UNIVERSITY LIBRARY | Africana | 26/10/2015 | 16 | AFR PL 8701.1 .M64 2014 | 17083 | 19/11/2025 | 19/11/2025 | 26/10/2015 | Africana (Books) | |||||
| MACHAKOS UNIVERSITY LIBRARY | MACHAKOS UNIVERSITY LIBRARY | Africana | 26/10/2015 | 30 | AFR PL 8701.1 .M64 2014 | 17082 | 15/09/2025 | 15/09/2025 | 26/10/2015 | Africana (Books) | |||||
| MACHAKOS UNIVERSITY LIBRARY | MACHAKOS UNIVERSITY LIBRARY | Africana | 26/10/2015 | 22 | AFR PL 8701.1 .M64 2014 | 17064 | 15/09/2025 | 15/09/2025 | 26/10/2015 | Africana (Books) |